00541cam a22002051 4500001001300000003000400013005001700017008004100034010001700075035002000092040001800112042001200130050001800142100004200160245002900202260001100231300002700242600004900269999001700318ne 68001607 DLC20260227111841.0890227s1957 xx 000 0 ara  ane 68001607  a(OCoLC)23482750 aDLCcMiUdDLC apremarc00aPJ7866.M3bZ71 aMiṣrātī, ʻAlī Muṣṭafá.10aShāʻir min Lībyā. c[1957] a244 p.bports.c21 cm.10aʻUmar, Ibrāhīm al-Usṭā,d1907-1950. c50336d50336